[Event "Fokika op"]
[Site "Fokika"]
[Date "2009.09.06"]
[Round "6"]
[White "Pitselis, Grigorios"]
[Black "Kaloussis, Evangelos"]
[Result "0-1"]
[WhiteElo "2156"]
[BlackElo "2273"]
[PlyCount "108"]
[EventDate "2009.09.10"]
[EventType "swiss"]
[EventRounds "6"]
[EventCountry "GRE"]
[SourceTitle "EXT 2024"]
[Source "ChessBase"]
[SourceDate "2023.10.10"]
[SourceVersion "1"]
[SourceVersionDate "2023.10.10"]
[SourceQuality "1"]

1. d4 Nf6 2. Nf3 d5 3. c4 c6 4. Nc3 Bf5 5. cxd5 Nxd5 6. Qb3 Nxc3 7. bxc3 Qb6 8. Ne5 Be6 9. Qc2 f6 10. Nd3 Bf5 11. f3 Nd7 12. e4 Bg6 13. Rb1 Qc7 14. Ba3 Bf7 15. Be2 e5 16. Qb2 Bxa3 17. Qxa3 exd4 18. cxd4 Nb6 19. 0-0 Nc4 20. Qb4 b6 21. d5 cxd5 22. exd5 Nd6 23. Rbc1 Qd7 24. Rc6 Rd8 25. Rfc1 0-0 26. Nf4 Rfe8 27. Bd3 Re3 28. Kf2 Rxd3 29. Nxd3 Bxd5 30. Rc7 Qf5 31. Nf4 Ne4+ 32. Ke3 Nc5 33. Nxd5 Rxd5 34. R1xc5 Qe5+ 35. Qe4 Rxc5 36. Qxe5 Rxe5+ 37. Kd4 Ra5 38. Rc2 Kf7 39. Re2 Rh5 40. g3 g6 41. h4 Ra5 42. Kc4 Ra3 43. Rf2 Ke6 44. Kb4 Re3 45. a4 h5 46. Kb5 Ra3 47. Kb4 Re3 48. Kb5 Re5+ 49. Kc4 g5 50. hxg5 Rxg5 51. Rg2 Kf5 52. Kd4 h4 53. g4+ Kf4 54. Rg1 h3 0-1

[Event "Aegina op"]
[Site "Aegina"]
[Date "1996.??.??"]
[Round "7"]
[White "Kaloussis, Evangelos"]
[Black "Ballon, Guenther Jan"]
[Result "1-0"]
[WhiteElo "2275"]
[BlackElo "2270"]
[PlyCount "55"]
[EventDate "1996.??.??"]
[EventType "swiss"]
[EventRounds "9"]
[EventCountry "GRE"]
[SourceTitle "EXT 1997"]
[Source "ChessBase"]
[SourceDate "1996.11.15"]
[SourceVersion "1"]
[SourceVersionDate "1996.11.15"]
[SourceQuality "1"]

1. d4 d5 2. Nf3 c6 3. Bf4 Bf5 4. c3 Nd7 5. Nbd2 e6 6. e3 Ngf6 7. Be2 h6 8. Ne5 Be7 9. 0-0 0-0 10. Bd3 Bxd3 11. Nxd3 c5 12. Qe2 Qb6 13. Nf3 Rac8 14. Nfe5 Rfd8 15. h3 Qa6 16. Bh2 Nxe5 17. Bxe5 Nd7 18. Bg3 Bd6 19. Bh4 Re8 20. Rad1 c4 21. Nc1 b5 22. e4 b4 23. e5 Bf8 24. f4 bxc3 25. bxc3 Rb8 26. f5 Rb1 27. Qf3 exf5 28. Qxf5 1-0

[Event "Aegina op"]
[Site "Aegina"]
[Date "1996.??.??"]
[Round "5"]
[White "Kaloussis, Evangelos"]
[Black "Vlassis, Panayotis"]
[Result "1-0"]
[WhiteElo "2275"]
[BlackElo "2215"]
[PlyCount "107"]
[EventDate "1996.??.??"]
[EventType "swiss"]
[EventRounds "9"]
[EventCountry "GRE"]
[SourceTitle "EXT 1997"]
[Source "ChessBase"]
[SourceDate "1996.11.15"]
[SourceVersion "1"]
[SourceVersionDate "1996.11.15"]
[SourceQuality "1"]

1. d4 d5 2. Nf3 Nf6 3. Bf4 Bf5 4. e3 e6 5. Be2 Bd6 6. Ne5 Nbd7 7. Nd2 Bxe5 8. dxe5 Ne4 9. Nxe4 Bxe4 10. 0-0 0-0 11. Bd3 Bxd3 12. Qxd3 c5 13. Bg3 Qc7 14. f4 f5 15. c4 Nb6 16. cxd5 exd5 17. a4 a5 18. Rfc1 Qc6 19. b3 Nc8 20. Rd1 Ne7 21. Rac1 b6 22. Be1 Qe6 23. Qb5 Rfd8 24. Bh4 Rd7 25. Rc2 Ng6 26. Bf2 Rad8 27. Rcd2 Ne7 28. Bh4 Kf7 29. h3 Rb8 30. Qe2 g6 31. Qb5 Nc6 32. Bf2 Nb4 33. Qe2 Rbd8 34. g4 Rg8 35. Kh2 Qc6 36. Bh4 Rc7 37. Rg1 Kf8 38. Qg2 Qe6 39. Qf3 c4 40. gxf5 gxf5 41. Rxg8+ Qxg8 42. bxc4 Rxc4 43. Rg2 Rc2 44. Rxc2 Nxc2 45. Qe2 Nb4 46. Qb5 Qe6 47. Bd8 d4 48. Bxb6 Qa2+ 49. Kg3 dxe3 50. Bc5+ Kg7 51. Qd7+ Qf7 52. e6 Qxd7 53. exd7 e2 54. Bxb4 1-0

[Event "Katerini GP"]
[Site "Katerini"]
[Date "1993.??.??"]
[Round "3"]
[White "Arnason, Jon Loftur"]
[Black "Kaloussis, Evangelos"]
[Result "1-0"]
[WhiteElo "2530"]
[BlackElo "2280"]
[PlyCount "73"]
[EventDate "1993.08.??"]
[EventType "swiss"]
[EventRounds "9"]
[EventCountry "GRE"]
[SourceTitle "EXT 2000"]
[Source "ChessBase"]
[SourceDate "1999.11.16"]
[SourceVersion "1"]
[SourceVersionDate "1999.11.16"]
[SourceQuality "1"]

1. e4 c5 2. Nf3 Nc6 3. d4 cxd4 4. Nxd4 Nf6 5. Nc3 d6 6. Bg5 e6 7. Qd2 Be7 8. 0-0-0 a6 9. f4 Qc7 10. Nf3 b5 11. Bxf6 gxf6 12. Kb1 Bd7 13. Bd3 Na5 14. f5 Rc8 15. fxe6 fxe6 16. Qh6 Nc4 17. Rhe1 Ne5 18. Nxe5 fxe5 19. Qg7 Rf8 20. Be2 b4 21. Rf1 Rxf1 22. Rxf1 Bb5 23. Qg8+ Kd7 24. Qxe6+ Kd8 25. Qg8+ Kd7 26. Bg4+ Kc6 27. Bxc8 Bxf1 28. Qe8+ Kc5 29. Nd5 Qd8 30. Qxe7 Qxe7 31. Nxe7 Bxg2 32. Nf5 h5 33. Kc1 a5 34. Kd2 a4 35. Ke3 a3 36. b3 Bf1 37. h4 1-0

[Event "GRE-chT"]
[Site "Athens"]
[Date "1987.??.??"]
[Round "?"]
[White "Vragoteris, Antonios"]
[Black "Kaloussis, Evangelos"]
[Result "1-0"]
[WhiteElo "2225"]
[BlackElo "2280"]
[PlyCount "81"]
[EventDate "1987.??.??"]
[EventType "team"]
[EventRounds "11"]
[EventCountry "GRE"]
[SourceTitle "EXT 2004"]
[Source "ChessBase"]
[SourceDate "2003.11.25"]
[SourceVersion "1"]
[SourceVersionDate "2003.11.25"]
[SourceQuality "1"]

1. d4 e6 2. c4 Nf6 3. Nf3 b6 4. a3 Bb7 5. Nc3 d5 6. cxd5 Nxd5 7. Qc2 Nxc3 8. bxc3 Be7 9. e4 0-0 10. Bd3 Nd7 11. 0-0 c5 12. Bf4 cxd4 13. cxd4 Rc8 14. Qe2 Nf6 15. h3 Qd7 16. a4 Rc3 17. Rfd1 Rfc8 18. d5 exd5 19. e5 Ne8 20. Nd4 Nc7 21. Bf5 Ne6 22. Qg4 R8c6 23. a5 b5 24. Nxb5 R3c4 25. Nd4 Ra6 26. Nxe6 fxe6 27. Bd3 Rac6 28. Bxc4 Rxc4 29. Rac1 Ra4 30. h4 Rxa5 31. h5 Bc5 32. Bh6 Kh8 33. Bd2 Rb5 34. Qf4 Kg8 35. h6 Qf7 36. Qxf7+ Kxf7 37. Be3 Bxe3 38. Rc7+ Kf8 39. hxg7+ Kg8 40. fxe3 a5 41. Rf1 1-0

[Event "Nikaia op 04th"]
[Site "Nikaia"]
[Date "1985.??.??"]
[Round "?"]
[White "Kaloussis, Evangelos"]
[Black "Grivas, Efstratios"]
[Result "1/2-1/2"]
[WhiteElo "2265"]
[BlackElo "2400"]
[PlyCount "71"]
[EventDate "1985.08.??"]
[EventType "swiss"]
[EventRounds "9"]
[EventCountry "GRE"]
[SourceTitle "MCD"]
[Source "ChessBase"]
[SourceDate "1999.07.01"]
[SourceVersion "1"]
[SourceVersionDate "1999.07.01"]
[SourceQuality "1"]

1. d4 Nf6 2. Nf3 g6 3. Bf4 d6 4. h3 b6 5. e3 Bg7 6. Be2 0-0 7. 0-0 Bb7 8. c4 Nbd7 9. Nc3 Ne4 10. Nxe4 Bxe4 11. Rc1 e5 12. Bg3 Re8 13. dxe5 Nxe5 14. Nxe5 Bxe5 15. Bxe5 Rxe5 16. Bf3 Qe7 17. Bxe4 Rxe4 18. Qd5 Re8 19. Qc6 a5 20. a3 Re5 21. b4 Rg5 22. Rfd1 Qe4 23. Qxe4 Rxe4 24. Kf1 Kf8 25. Ke2 Rge5 26. Rd3 axb4 27. axb4 b5 28. cxb5 Rxb4 29. f4 Rxf4 30. Rxc7 Rb4 31. Rxd6 Rb2+ 32. Kd3 Rbxb5 33. Rf6 Re7 34. Rxe7 Kxe7 35. Rf2 h5 36. Kc4 1/2-1/2

[Event "Nikaia op 04th"]
[Site "Nikaia"]
[Date "1985.??.??"]
[Round "?"]
[White "Kaloussis, Evangelos"]
[Black "Pandavos, Panayotis"]
[Result "1-0"]
[WhiteElo "2265"]
[BlackElo "2310"]
[PlyCount "77"]
[EventDate "1985.08.??"]
[EventType "swiss"]
[EventRounds "9"]
[EventCountry "GRE"]
[SourceTitle "MCD"]
[Source "ChessBase"]
[SourceDate "1999.07.01"]
[SourceVersion "1"]
[SourceVersionDate "1999.07.01"]
[SourceQuality "1"]

1. d4 g6 2. Nf3 Bg7 3. Bf4 Nf6 4. h3 d6 5. e3 Nbd7 6. Be2 0-0 7. 0-0 Qe8 8. c4 e5 9. Bh2 e4 10. Nfd2 Qe7 11. Nc3 Re8 12. Nb5 Nf8 13. c5 Rd8 14. cxd6 cxd6 15. Rc1 Ne8 16. Qb3 Kh8 17. Qa3 a6 18. Nc3 f5 19. Nd5 Qf7 20. Nb6 Rb8 21. Ndc4 Qe6 22. Rc2 Bf6 23. Rfc1 Be7 24. Qc3 Bf6 25. Qa5 Bd7 26. a4 g5 27. d5 Qe7 28. Qb4 Bc8 29. a5 Kg7 30. Nxc8 Rbxc8 31. Nxd6 Nxd6 32. Bxd6 Qxd6 33. Qxb7+ Rd7 34. Qxc8 Bd8 35. Qc5 Qe5 36. d6 Qf6 37. Qc3 Qxc3 38. Rxc3 Ne6 39. b4 1-0

[Event "Nikaia op 04th"]
[Site "Nikaia"]
[Date "1985.??.??"]
[Round "?"]
[White "Skalkotas, Nikolaos"]
[Black "Kaloussis, Evangelos"]
[Result "1-0"]
[WhiteElo "2375"]
[BlackElo "2265"]
[PlyCount "52"]
[EventDate "1985.08.??"]
[EventType "swiss"]
[EventRounds "9"]
[EventCountry "GRE"]
[SourceTitle "MCD"]
[Source "ChessBase"]
[SourceDate "1999.07.01"]
[SourceVersion "1"]
[SourceVersionDate "1999.07.01"]
[SourceQuality "1"]

1. d4 c5 2. d5 e5 3. e4 d6 4. Nc3 Be7 5. Bb5+ Nd7 6. a4 Bg5 7. Nf3 Bxc1 8. Qxc1 Ngf6 9. Nd2 0-0 10. Be2 Ne8 11. Nc4 Rb8 12. 0-0 b6 13. Nb5 Ndf6 14. Nxa7 Bd7 15. Qe3 Qc7 16. Nb5 Bxb5 17. axb5 Qd7 18. f4 exf4 19. Rxf4 Nc7 20. Rxf6 gxf6 21. Qh6 Ra8 22. Rf1 f5 23. Qg5+ Kh8 24. Qf6+ Kg8 25. Rxf5 Ra1+ 26. Kf2 Re8 1-0